[Event "1st 4NCL International Open"]
[Site "Telford"]
[Date "2018.11.02"]
[Round "2"]
[White "Ravi, Teja S."]
[Black "Williams, Simon K"]
[Result "0-1"]
[WhiteElo "2357"]
[BlackElo "2457"]
[Annotator "TA"]
[PlyCount "70"]
[EventDate "2018.10.31"]
[EventType "swiss"]
[EventCountry "GBR"]
[SourceTitle "playchess.com"]
[Source "ChessBase"]
[SourceQuality "1"]

{[%evp 18,70,32,0,10,-8,0,-16,0,-13,0,-67,-64,-96,-101,-80,-41,-35,-41,-29,0,-176,-166,-167,-165,-171,-162,-547,-533,-529,-535,-522,-521,-535,-533,-520,-516,-533,-529,-702,-701,-694,-683,-631,-560,-974,-400,-527,-518,-793,-560,-560,-555,-560,-555]} 1. d4 f5 2. Nf3 Nf6 3. g3 g6 4. Bg2 Bg7 5. O-O O-O 6. b3 d6 7. Bb2 Ne4 8. Nbd2 Nc6 9. Ne1 {A81: Dutch Defence: 2 g3} d5 (9... Nxd2 10. Qxd2 e5 11. Bd5+ Kh8 12. Bxc6 bxc6 13. dxe5 dxe5 14. Rd1 Qxd2 15. Rxd2 e4 16. Bxg7+ Kxg7 {1-0 (55) Vidit,S (2673)-Sandipan,C (2573) Moscow 2017}) 10. e3 {LiveBook: 3 Games} e5 11. Ndf3 {[%cal Rf3e5] The position is equal.} exd4 12. exd4 f4 13. Ne5 {[#]} Ng5 $146 ({Predecessor:} 13... Nxe5 14. dxe5 c6 15. c4 Be6 16. Nd3 Bh6 {½-½ (75) Donchenko,A (2455)-Pruijssers,R (2539) Groningen 2013}) 14. h4 (14. Ba3 $11 Re8 15. Bb2) 14... Ne4 $15 15. N1d3 Nxe5 16. Nxe5 Be6 ({Of course not} 16... fxg3 17. fxg3 Bf5 18. Qd3 $11) 17. Qd3 Bf5 $36 {[%mdl 2048] Hoping for ...Nxg3. White is under pressure.} 18. g4 $1 {[%cal Rg4f5]} Be6 (18... Bxe5 $5 19. dxe5 (19. gxf5 Bd6 $15) 19... Be6 $14) 19. c4 $2 (19. f3 $11 Ng3 20. Rfe1) 19... Bxe5 20. dxe5 {And now cxd5 would win.} Qxh4 {Threatens to win with ...f3.} 21. cxd5 f3 22. Bxf3 $2 {[#]} (22. Qxe4 fxg2 23. Qxg2) 22... Ng5 $1 $19 {[%cal Rg5f3]} 23. Bg2 {[#]} Rf3 $3 {[%mdl 512]} 24. Qxf3 (24. Bxf3 Nh3+) 24... Nxf3+ 25. Bxf3 Bxg4 26. Bg2 Bh3 27. Bxh3 Qxh3 28. Rae1 Qg4+ 29. Kh2 Rf8 {( -> ...Rf5)} 30. f3 Qf4+ 31. Kg2 Rf5 (31... Qd2+ $142 32. Kg3 Qxb2) 32. Bc3 Rh5 {[%csl Gh5][%cal Rf4h2] Black is clearly winning.} 33. Rf2 (33. Rh1 $142 Rxh1 34. Rxh1) 33... Qg5+ 34. Kf1 Rh1+ 35. Ke2 Rxe1+ {Precision: White = 20%, Black = 83%.} 0-1

[Event "1st 4NCL International Open"]
[Site "Telford"]
[Date "2018.11.02"]
[Round "2"]
[White "Wall, Tim P"]
[Black "Clark, Robert G"]
[Result "1/2-1/2"]
[WhiteElo "2253"]
[BlackElo "2025"]
[Annotator "TA"]
[PlyCount "122"]
[EventDate "2018.10.31"]
[EventType "swiss"]
[EventCountry "GBR"]
[SourceTitle "playchess.com"]
[Source "ChessBase"]
[SourceQuality "1"]

{[%evp 11,122,31,21,22,56,43,60,18,13,0,0,-28,0,0,-11,-45,-37,-40,0,-7,-4,-64,-52,-112,-58,-138,-119,-199,-89,-87,-85,-80,-91,-120,-110,-114,-119,-114,-124,-110,-39,-38,0,0,0,0,0,0,0,0,0,0,0,0,0,-77,18,0,0,-3,-5,-18,0,0,0,0,0,-19,0,-24,-23,-26,0,0,0,-15,-10,-27,0,0,0,0,0,0,0,0,0,0,0,0,0,0,0,0,0,0,0,0,0,0,0,0,0,0,0,0,0,0,0,0,0,0,306]} 1. b3 e5 2. Bb2 Nc6 3. e3 d5 4. Bb5 Bd6 5. f4 Qe7 6. Nf3 f6 $1 {LiveBook: 11 Games. A01: Nimzowitsch-Larsen Opening} 7. O-O {Strongly threatening fxe5.} (7. fxe5 fxe5 8. Bxc6+ bxc6 9. Nxe5 Nf6 10. Nxc6 Qf7 11. O-O O-O 12. Bxf6 gxf6 13. Nc3 Kh8 14. Qf3 {1-0 (24) Nakamura,H (2777)-Hou,Y (2658) chess.com INT 2018}) 7... e4 8. Nd4 Bd7 {White is slightly better.} 9. Bxc6 bxc6 10. Qe2 $146 ({Predecessor:} 10. c4 Nh6 11. Nc3 dxc4 12. bxc4 O-O 13. Qc2 Rfe8 14. Na4 {1-0 (34) Sanotsky,Y (2007)-Romakh,V Lvov 2011}) 10... a6 11. c4 Qf7 12. Nc3 Ne7 13. d3 exd3 14. Qxd3 Qg6 15. e4 c5 16. Nde2 ({Better is} 16. Nf5 $11 d4 17. Nxd6+ cxd6 18. f5) 16... d4 $36 {[%mdl 2048] Black has some pressure.} 17. Nb1 (17. Nd5 $15) 17... Bc6 (17... Nc6 $17 18. Ba3 O-O) 18. Ng3 (18. Nd2 $15) 18... h5 {White must now prevent ...h4.} 19. Qe2 (19. f5 $17 Qg5 20. Qf3) 19... h4 (19... O-O-O $19 {...h4 is the strong threat.} 20. e5 fxe5 21. fxe5 Bxe5 $1 {[%mdl 512]} 22. Qxe5 h4) 20. Nf5 $17 O-O-O 21. Nxd6+ cxd6 22. f5 Qg5 23. Bc1 Qh5 24. Qxh5 Rxh5 25. Nd2 {[#]} Re8 (25... a5 $1 $17) 26. b4 $1 $15 Ba4 27. bxc5 dxc5 28. Ba3 Nc6 29. Bxc5 g6 30. Rae1 gxf5 31. exf5 Rxe1 32. Rxe1 Rxf5 33. Ne4 (33. Bb6 $11 {keeps the balance.}) 33... Kd7 (33... Re5 $17 34. Nd6+ Kd7 35. Rxe5 fxe5) 34. Rf1 Ke6 35. Rxf5 Kxf5 $11 {[%mdl 4096] Endgame KBN-KBN} 36. Nd2 Bc2 37. Kf2 Bd3 38. Bd6 Ne5 39. c5 Ng4+ 40. Kg1 Bb5 41. h3 Ne3 42. Kf2 Bc6 43. g3 hxg3+ 44. Bxg3 Nd1+ 45. Ke2 {The position is equal.} Nc3+ 46. Kd3 Nxa2 47. Kxd4 Nc1 {aiming for ...Ne2+.} 48. Bd6 Ne2+ 49. Ke3 Nc3 50. Nb3 Nb5 51. Bg3 Bg2 52. h4 Kg4 53. Be1 f5 54. Na5 f4+ 55. Kf2 Bd5 56. Bd2 Kxh4 57. Bxf4 Kg4 58. Bh2 Na7 59. Ke3 Kf5 60. Bc7 Ke6 61. Bb6 Kd7 $2 {[%mdl 40960] Precision: White = 55%, Black = 53%. . An unexpected result.} (61... Nc6 $11 {and Black stays safe.}) 1/2-1/2

[Event "1st 4NCL International Open"]
[Site "Telford"]
[Date "2018.11.02"]
[Round "2"]
[White "Richardson, John R"]
[Black "Zabrocki, Philip Am"]
[Result "1-0"]
[WhiteElo "2213"]
[BlackElo "1952"]
[Annotator "ChessBase"]
[PlyCount "53"]
[EventDate "2018.10.31"]
[EventType "swiss"]
[EventCountry "GBR"]
[SourceTitle "playchess.com"]
[Source "ChessBase"]
[SourceQuality "1"]
[TimeControl "5400+30"]

1. d4 {[%emt 0:00:00]} Nf6 {[%emt 0:00:10]} 2. c4 {[%emt 0:00:00]} g6 {[%emt 0:00:09]} 3. g3 {[%emt 0:00:00]} Bg7 {[%emt 0:00:04]} 4. Bg2 {[%emt 0:00:00]} O-O {[%emt 0:00:07]} 5. Nc3 {[%emt 0:00:00]} d6 {[%emt 0:00:06]} 6. Nf3 {[%emt 0:00:00]} c6 {[%emt 0:00:18]} 7. O-O {[%emt 0:00:06]} Qa5 {[%emt 0:00:07]} 8. e4 {[%emt 0:01:22]} e5 {[%emt 0:00:08]} 9. h3 {[%emt 0:01:01]} Nbd7 {[%emt 0:00:35]} 10. Re1 {[%emt 0:01:38]} Re8 {[%emt 0:03:05]} 11. d5 {[%emt 0:00:16]} cxd5 {[%emt 0:00:07]} 12. cxd5 {[%emt 0:00:02]} b5 {[%emt 0:00:16]} 13. a3 {[%emt 0:00:22]} a6 {[%emt 0:01:06]} 14. b4 {[%emt 0:00:09]} Qc7 {[%emt 0:02:38]} 15. Bd2 {[%emt 0:00:20]} Nb6 {[%emt 0:00:34]} 16. a4 {[%emt 0:11:59]} Nxa4 {[%emt 0:12:07]} 17. Nxa4 {[%emt 0:00:11]} bxa4 {[%emt 0:00:02]} 18. Rc1 {[%emt 0:20:44]} Qd7 {[%emt 0:12:39]} 19. Rc4 {[%emt 0:08:49]} Bb7 {[%emt 0:02:41]} 20. Be3 {[%emt 0:01:09]} Rec8 {[%emt 0:05:25]} 21. Nd2 {[%emt 0:00:18]} a5 {[%emt 0:07:31]} 22. b5 {[%emt 0:02:00]} Qxb5 {[%emt 0:08:30]} 23. Rxa4 {[%emt 0:00:10]} Rc1 {[%emt 0:06:04]} 24. Qxc1 {[%emt 0:00:48]} Qxa4 {[%emt 0:01:09]} 25. Qc7 {[%emt 0:00:11]} Qb4 {[%emt 0:06:59]} 26. Rb1 {[%emt 0:05:07]} Rc8 {[%emt 0:03:24]} 27. Qe7 {[%emt 0:03:00]} 1-0

[Event "1st 4NCL International Open"]
[Site "Telford"]
[Date "2018.11.02"]
[Round "2"]
[White "Hill, Alistair"]
[Black "Bennett, Dominic L"]
[Result "1/2-1/2"]
[WhiteElo "2203"]
[BlackElo "1933"]
[Annotator "ChessBase"]
[PlyCount "104"]
[EventDate "2018.10.31"]
[EventType "swiss"]
[EventCountry "GBR"]
[SourceTitle "playchess.com"]
[Source "ChessBase"]
[SourceQuality "1"]
[TimeControl "5400+30"]

1. Nf3 {[%emt 0:00:00]} d6 {[%emt 0:01:25]} 2. d4 {[%emt 0:00:00]} c6 {[%emt 0:01:58]} 3. e4 {[%emt 0:02:41]} Nf6 {[%emt 0:01:49]} 4. Bd3 {[%emt 0:00:25]} g6 {[%emt 0:01:51]} 5. O-O {[%emt 0:00:06]} Bg7 {[%emt 0:01:11]} 6. Re1 {[%emt 0:00:08]} O-O {[%emt 0:02:07]} 7. c3 {[%emt 0:02:20]} Na6 {[%emt 0:06:29]} 8. h3 {[%emt 0:00:35]} c5 {[%emt 0:03:07]} 9. d5 {[%emt 0:13:01]} Rb8 {[%emt 0:10:11]} 10. c4 {[%emt 0:02:33]} b5 {[%emt 0:09:04]} 11. cxb5 {[%emt 0:06:30]} Nc7 {[%emt 0:00:41]} 12. Nc3 {[%emt 0:00:53]} Nd7 {[%emt 0:01:30]} 13. a4 {[%emt 0:02:08]} a6 {[%emt 0:04:47]} 14. Qe2 {[%emt 0:05:32]} Re8 {[%emt 0:04:49]} 15. Bf4 {[%emt 0:06:44]} Nf8 {[%emt 0:01:10]} 16. e5 {[%emt 0:06:13]} axb5 {[%emt 0:08:46]} 17. axb5 {[%emt 0:02:40]} Nd7 {[%emt 0:02:45]} 18. Ra7 {[%emt 0:27:03]} Rb7 {[%emt 0:05:39]} 19. Rxb7 {[%emt 0:07:28]} Bxb7 {[%emt 0:00:20]} 20. e6 {[%emt 0:02:11]} fxe6 {[%emt 0:02:08]} 21. dxe6 {[%emt 0:00:02]} Nf6 {[%emt 0:08:05]} 22. Ra1 {[%emt 0:03:10]} Nfd5 {[%emt 0:03:47]} 23. Bd2 {[%emt 0:01:07]} Rf8 {[%emt 0:01:22]} 24. Be4 {[%emt 0:01:34]} Nxc3 {[%emt 0:04:11]} 25. bxc3 {[%emt 0:00:13]} d5 {[%emt 0:00:52]} 26. Bc2 {[%emt 0:01:00]} d4 {[%emt 0:02:54]} 27. cxd4 {[%emt 0:01:47]} cxd4 {[%emt 0:00:19]} 28. Rd1 {[%emt 0:00:53]} Qa8 {[%emt 0:02:53]} 29. Ne1 {[%emt 0:01:57]} Nd5 {[%emt 0:01:02]} 30. Be4 {[%emt 0:02:05]} Qa2 {[%emt 0:02:27]} 31. Bxd5 {[%emt 0:00:28]} Qxd5 {[%emt 0:01:16]} 32. Bb4 {[%emt 0:00:13]} Qg5 {[%emt 0:01:04]} 33. Qd2 {[%emt 0:01:38]} Qf6 {[%emt 0:00:57]} 34. Qe2 {[%emt 0:00:31]} Qg5 {[%emt 0:00:29]} 35. Rd2 {[%emt 0:00:46]} Rf5 {[%emt 0:00:53]} 36. f3 {[%emt 0:00:52]} Re5 {[%emt 0:01:08]} 37. Qf2 {[%emt 0:00:30]} Rxb5 {[%emt 0:00:49]} 38. Rxd4 {[%emt 0:00:28]} Bxd4 {[%emt 0:01:29]} 39. Qxd4 {[%emt 0:00:02]} Qe5 {[%emt 0:00:20]} 40. Qd8+ {[%emt 0:00:21]} Kg7 {[%emt 0:00:31]} 41. Qxe7+ {[%emt 0:00:10]} Kh6 {[%emt 0:00:16]} 42. Bd2+ {[%emt 0:00:21]} g5 {[%emt 0:00:12]} 43. Kh1 {[%emt 0:01:39]} Rb1 {[%emt 0:00:57]} 44. Qf8+ {[%emt 0:00:22]} Kh5 {[%emt 0:01:11]} 45. Qf7+ {[%emt 0:00:09]} Kh6 {[%emt 0:00:26]} 46. Qf8+ {[%emt 0:00:36]} Kh5 {[%emt 0:00:22]} 47. Qf7+ {[%emt 0:00:44]} Kh6 {[%emt 0:00:24]} 48. e7 {[%emt 0:00:21]} Bc6 {[%emt 0:00:59]} 49. Qf8+ {[%emt 0:00:27]} Kh5 {[%emt 0:00:32]} 50. Qf7+ {[%emt 0:00:10]} Kh6 {[%emt 0:00:09]} 51. Qf8+ {[%emt 0:00:49]} Kh5 {[%emt 0:00:13]} 52. Qf7+ {[%emt 0:00:41]} Kh6 {[%emt 0:00:16]} 1/2-1/2

[Event "1st 4NCL International Open"]
[Site "Telford"]
[Date "2018.11.02"]
[Round "2"]
[White "Ferrington, Nigel M"]
[Black "Rahulan, Thivyaa"]
[Result "1-0"]
[WhiteElo "2130"]
[BlackElo "1868"]
[Annotator "ChessBase"]
[PlyCount "75"]
[EventDate "2018.10.31"]
[EventType "swiss"]
[EventCountry "GBR"]
[SourceTitle "playchess.com"]
[Source "ChessBase"]
[SourceQuality "1"]
[TimeControl "5400+30"]

1. e4 {[%emt 0:00:00]} e6 {[%emt 0:00:00]} 2. d4 {[%emt 0:00:00]} d5 {[%emt 0:00:00]} 3. Bd3 {[%emt 0:00:08]} Nf6 {[%emt 0:00:41]} 4. e5 {[%emt 0:00:04]} Nfd7 {[%emt 0:00:11]} 5. f4 {[%emt 0:00:28]} c5 {[%emt 0:01:32]} 6. c3 {[%emt 0:00:14]} Nc6 {[%emt 0:01:19]} 7. Nf3 {[%emt 0:00:13]} a6 {[%emt 0:02:11]} 8. O-O {[%emt 0:00:58]} Be7 {[%emt 0:01:50]} 9. Be3 {[%emt 0:01:48]} b5 {[%emt 0:02:36]} 10. a3 {[%emt 0:06:52]} Bb7 {[%emt 0:03:10]} 11. Nbd2 {[%emt 0:06:26]} Qb6 {[%emt 0:04:20]} 12. b4 {[%emt 0:01:33]} c4 {[%emt 0:05:16]} 13. Bc2 {[%emt 0:00:40]} a5 {[%emt 0:02:18]} 14. Qe2 {[%emt 0:01:24]} h6 {[%emt 0:04:26]} 15. f5 {[%emt 0:06:32]} Kd8 {[%emt 0:06:47]} 16. fxe6 {[%emt 0:02:03]} fxe6 {[%emt 0:00:06]} 17. Qf2 {[%emt 0:06:54]} Kc7 {[%emt 0:07:06]} 18. Qg3 {[%emt 0:01:03]} g5 {[%emt 0:03:16]} 19. h3 {[%emt 0:02:34]} axb4 {[%emt 0:06:38]} 20. axb4 {[%emt 0:00:34]} Ra6 {[%emt 0:03:44]} 21. Nh2 {[%emt 0:03:08]} Rha8 {[%emt 0:03:15]} 22. Rac1 {[%emt 0:02:13]} Rf8 {[%emt 0:16:27]} 23. Ng4 {[%emt 0:04:40]} Rxf1+ {[%emt 0:04:19]} 24. Nxf1 {[%emt 0:02:08]} Ra3 {[%emt 0:02:32]} 25. Bd1 {[%emt 0:02:51]} Bf8 {[%emt 0:02:46]} 26. Nf6 {[%emt 0:01:45]} Nxf6 {[%emt 0:07:44]} 27. exf6+ {[%emt 0:00:06]} Kd7 {[%emt 0:00:08]} 28. h4 {[%emt 0:01:56]} Bd6 {[%emt 0:02:08]} 29. Qg4 {[%emt 0:02:23]} Qd8 {[%emt 0:02:18]} 30. hxg5 {[%emt 0:00:52]} hxg5 {[%emt 0:00:22]} 31. Qxg5 {[%emt 0:12:27]} Qf8 {[%emt 0:04:23]} 32. Bg4 {[%emt 0:01:53]} Nd8 {[%emt 0:00:35]} 33. Nd2 {[%emt 0:06:43]} Nf7 {[%emt 0:00:31]} 34. Qh4 {[%emt 0:00:55]} Bxb4 {[%emt 0:00:44]} 35. Nb1 {[%emt 0:08:09]} Rb3 {[%emt 0:00:29]} 36. Qh3 {[%emt 0:02:03]} Bd6 {[%emt 0:01:10]} 37. Bxe6+ {[%emt 0:00:26]} Kc7 {[%emt 0:00:05]} 38. Qh7 {[%emt 0:00:43]} 1-0

[Event "1st 4NCL International Open"]
[Site "Telford"]
[Date "2018.11.02"]
[Round "2"]
[White "Ahluwalia, Amardip"]
[Black "Ther, Mate"]
[Result "1/2-1/2"]
[WhiteElo "2085"]
[BlackElo "1759"]
[Annotator "NA"]
[PlyCount "145"]
[EventDate "2018.10.31"]
[EventType "swiss"]
[EventCountry "GBR"]
[SourceTitle "playchess.com"]
[Source "ChessBase"]
[SourceQuality "1"]
[TimeControl "5400+30"]

1. c4 {[%emt 0:00:00]} e5 {[%emt 0:00:08]} 2. g3 {[%emt 0:00:37]} f5 {[%emt 0:01:50]} 3. Bg2 {[%emt 0:00:13]} Nf6 {[%emt 0:00:00]} 4. Nc3 {[%emt 0:01:10]} Nc6 {[%emt 0:00:21]} 5. d3 {[%emt 0:01:03]} Bc5 {[%emt 0:02:34]} 6. e3 {[%emt 0:02:11]} O-O {[%emt 0:03:24]} 7. Nge2 {[%emt 0:01:16]} Qe8 {[%emt 0:02:56]} 8. O-O {[%emt 0:02:27]} Qh5 {[%emt 0:06:08]} 9. a3 {[%emt 0:03:05]} a5 {[%emt 0:00:36]} 10. Rb1 {[%emt 0:00:16]} d6 {[%emt 0:05:41]} 11. d4 {[%emt 0:04:33]} Ba7 {[%emt 0:05:43]} 12. Nb5 {[%emt 0:07:25]} Bb8 {[%emt 0:03:24]} 13. Nec3 {[%emt 0:07:06]} Qg6 {[%emt 0:05:25]} 14. Qc2 {[%emt 0:08:27]} Na7 {[%emt 0:03:23]} 15. c5 {[%emt 0:09:07]} exd4 {[%emt 0:02:53]} 16. exd4 {[%emt 0:00:58]} Nxb5 {[%emt 0:00:41]} 17. Nxb5 {[%emt 0:01:11]} d5 {[%emt 0:08:39]} 18. Bf4 {[%emt 0:04:04]} c6 {[%emt 0:03:48]} 19. Nc7 {[%emt 0:02:15]} Bxc7 {[%emt 0:03:21]} 20. Bxc7 {[%emt 0:00:35]} Be6 {[%emt 0:01:49]} 21. Qb3 {[%emt 0:00:54]} Qf7 {[%emt 0:01:28]} 22. Be5 {[%emt 0:03:28]} Rfe8 {[%emt 0:03:01]} 23. Rfe1 {[%emt 0:01:37]} Ne4 {[%emt 0:02:20]} 24. Re2 {[%emt 0:01:16]} Qd7 {[%emt 0:02:44]} 25. Rbe1 {[%emt 0:01:40]} Kf8 {[%emt 0:01:55]} 26. Qf3 {[%emt 0:07:57]} Qf7 {[%emt 0:05:02]} 27. Qf4 {[%emt 0:03:00]} Kg8 {[%emt 0:01:39]} 28. h4 {[%emt 0:13:02]} Rac8 {[%emt 0:04:53]} 29. Bh3 {[%emt 0:03:06]} g6 {[%emt 0:03:57]} 30. Bg2 {[%emt 0:03:25]} a4 {[%emt 0:04:43]} 31. Qc1 {[%emt 0:02:37]} Ra8 {[%emt 0:00:59]} 32. Qc2 {[%emt 0:00:33]} Ra7 {[%emt 0:00:21]} 33. Re3 {[%emt 0:00:26]} Raa8 {[%emt 0:01:59]} 34. Qe2 {[%emt 0:01:24]} Bd7 {[%emt 0:02:19]} 35. Qd1 {[%emt 0:00:56]} Be6 {[%emt 0:01:07]} 36. Bf1 {[%emt 0:00:40]} Kf8 {[%emt 0:02:33]} 37. Bd3 {[%emt 0:00:22]} Ra7 {[%emt 0:01:29]} 38. Bc2 {[%emt 0:00:05]} Bd7 {[%emt 0:01:21]} 39. Bxa4 {[%emt 0:00:14]} Rea8 {[%emt 0:01:08]} 40. Bc2 {[%emt 0:00:09]} Re8 {[%emt 0:00:12]} 41. Bd3 {[%emt 0:00:30]} Raa8 {[%emt 0:00:14]} 42. Bf1 {[%emt 0:00:42]} Be6 {[%emt 0:00:33]} 43. Bg2 {[%emt 0:00:11]} Ra7 {[%emt 0:00:11]} 44. Qb3 {[%emt 0:00:10]} Kg8 {[%emt 0:00:41]} 45. Qb6 {[%emt 0:00:54]} Ra6 {[%emt 0:00:22]} 46. Qb4 {[%emt 0:00:12]} Ra7 {[%emt 0:00:40]} 47. Bf1 {[%emt 0:00:08]} Raa8 {[%emt 0:00:21]} 48. Bd3 {[%emt 0:01:40]} Ra7 {[%emt 0:00:39]} 49. Qb6 {[%emt 0:01:13]} Raa8 {[%emt 0:00:10]} 50. f3 {[%emt 0:00:15]} Nxg3 {[%emt 0:00:42]} 51. Bxg3 {[%emt 0:01:51]} f4 {[%emt 0:00:07]} 52. Rxe6 {[%emt 0:00:16]} Rxe6 {[%emt 0:01:20]} 53. Rxe6 {[%emt 0:00:01]} Qxe6 {[%emt 0:00:01]} 54. Bf2 {[%emt 0:01:08]} Qe7 {[%emt 0:00:51]} 55. Qb4 {[%emt 0:00:02]} g5 {[%emt 0:00:26]} 56. Qe1 {[%emt 0:00:19]} Qxe1+ {[%emt 0:00:56]} 57. Bxe1 {[%emt 0:00:01]} Re8 {[%emt 0:00:15]} 58. Bd2 {[%emt 0:00:12]} gxh4 {[%emt 0:00:20]} 59. Bxf4 {[%emt 0:00:07]} Re1+ {[%emt 0:00:03]} 60. Kf2 {[%emt 0:00:07]} Rd1 {[%emt 0:00:20]} 61. Ke2 {[%emt 0:00:39]} Rg1 {[%emt 0:00:10]} 62. Kd2 {[%emt 0:00:07]} Rg2+ {[%emt 0:00:07]} 63. Kc3 {[%emt 0:00:31]} h3 {[%emt 0:00:17]} 64. Bf5 {[%emt 0:01:18]} Rf2 {[%emt 0:00:15]} 65. Bg4 {[%emt 0:00:30]} Kf7 {[%emt 0:01:12]} 66. Bg3 {[%emt 0:01:14]} h2 {[%emt 0:00:59]} 67. Bxh2 {[%emt 0:00:04]} Rxh2 {[%emt 0:00:06]} 68. Bc8 {[%emt 0:00:02]} Ke7 {[%emt 0:00:17]} 69. b4 {[%emt 0:00:57]} Rf2 {[%emt 0:00:14]} 70. Bg4 {[%emt 0:00:06]} Ra2 {[%emt 0:00:17]} 71. Kb3 {[%emt 0:00:07]} Rd2 {[%emt 0:00:18]} 72. Kc3 {[%emt 0:00:04]} Ra2 {[%emt 0:00:18]} 73. Kb3 {[%emt 0:00:03]} 1/2-1/2

[Event "1st 4NCL International Open"]
[Site "Telford"]
[Date "2018.11.02"]
[Round "2"]
[White "Ratnesan, Ranesh"]
[Black "Akeya-Price, Robert"]
[Result "1-0"]
[WhiteElo "1994"]
[BlackElo "1730"]
[Annotator "NA"]
[PlyCount "85"]
[EventDate "2018.10.31"]
[EventType "swiss"]
[EventCountry "GBR"]
[SourceTitle "playchess.com"]
[Source "ChessBase"]
[SourceQuality "1"]
[TimeControl "5400+30"]

1. Nf3 {[%emt 0:00:00]} Nf6 {[%emt 0:00:00]} 2. g3 {[%emt 0:00:00]} e6 {[%emt 0:00:00]} 3. c4 {[%emt 0:00:00]} b6 {[%emt 0:00:14]} 4. Bg2 {[%emt 0:00:09]} Bb7 {[%emt 0:00:06]} 5. b3 {[%emt 0:00:17]} Be7 {[%emt 0:00:55]} 6. Bb2 {[%emt 0:00:10]} O-O {[%emt 0:00:34]} 7. O-O {[%emt 0:00:24]} d5 {[%emt 0:09:49]} 8. e3 {[%emt 0:00:17]} c5 {[%emt 0:02:30]} 9. Qe2 {[%emt 0:00:26]} Nc6 {[%emt 0:05:19]} 10. Rd1 {[%emt 0:01:17]} Rc8 {[%emt 0:01:39]} 11. cxd5 {[%emt 0:04:31]} Nxd5 {[%emt 0:03:04]} 12. Nc3 {[%emt 0:04:19]} Ndb4 {[%emt 0:14:45]} 13. d4 {[%emt 0:05:55]} Ba6 {[%emt 0:21:02]} 14. Qd2 {[%emt 0:05:17]} cxd4 {[%emt 0:04:51]} 15. exd4 {[%emt 0:01:44]} Nd3 {[%emt 0:01:04]} 16. Ne4 {[%emt 0:05:05]} Bb4 {[%emt 0:02:33]} 17. Qe2 {[%emt 0:02:59]} Nxb2 {[%emt 0:13:01]} 18. Qxb2 {[%emt 0:00:26]} Ne7 {[%emt 0:05:40]} 19. a3 {[%emt 0:03:43]} Bd6 {[%emt 0:00:21]} 20. Ne5 {[%emt 0:00:53]} f6 {[%emt 0:03:36]} 21. Nf3 {[%emt 0:11:30]} Nd5 {[%emt 0:01:25]} 22. Rac1 {[%emt 0:02:01]} Qe7 {[%emt 0:01:10]} 23. b4 {[%emt 0:00:22]} Rxc1 {[%emt 0:00:22]} 24. Rxc1 {[%emt 0:01:04]} Rc8 {[%emt 0:00:18]} 25. Re1 {[%emt 0:01:29]} Re8 {[%emt 0:05:15]} 26. Qb3 {[%emt 0:02:01]} Bb8 {[%emt 0:01:53]} 27. Nh4 {[%emt 0:02:28]} Qf7 {[%emt 0:01:01]} 28. Nc3 {[%emt 0:03:03]} Nxc3 {[%emt 0:00:53]} 29. Qxc3 {[%emt 0:00:01]} Bb7 {[%emt 0:00:22]} 30. Nf3 {[%emt 0:01:20]} Qc7 {[%emt 0:00:35]} 31. Qe3 {[%emt 0:01:05]} Bd5 {[%emt 0:00:19]} 32. Bh3 {[%emt 0:03:06]} Qd7 {[%emt 0:00:25]} 33. Nd2 {[%emt 0:00:25]} Qf7 {[%emt 0:00:40]} 34. Qd3 {[%emt 0:03:14]} g6 {[%emt 0:00:39]} 35. Ne4 {[%emt 0:00:32]} f5 {[%emt 0:00:30]} 36. Nc3 {[%emt 0:00:27]} Qd7 {[%emt 0:00:27]} 37. Qd2 {[%emt 0:01:07]} Kg7 {[%emt 0:00:26]} 38. Bf1 {[%emt 0:00:22]} Rd8 {[%emt 0:00:40]} 39. Bb5 {[%emt 0:01:48]} Qf7 {[%emt 0:00:29]} 40. Nxd5 {[%emt 0:03:09]} exd5 {[%emt 0:00:09]} 41. Qg5 {[%emt 0:00:44]} Rd7 {[%emt 0:00:55]} 42. Bxd7 {[%emt 0:00:07]} Qxd7 {[%emt 0:00:03]} 43. Re7+ {[%emt 0:00:09]} 1-0

[Event "1st 4NCL International Open"]
[Site "Telford"]
[Date "2018.11.02"]
[Round "2"]
[White "Jamieson, Ian"]
[Black "Mihalik, Agoston"]
[Result "0-1"]
[WhiteElo "1947"]
[BlackElo "2223"]
[Annotator "ChessBase"]
[PlyCount "82"]
[EventDate "2018.10.31"]
[EventType "swiss"]
[EventCountry "GBR"]
[SourceTitle "playchess.com"]
[Source "ChessBase"]
[SourceQuality "1"]
[TimeControl "5400+30"]

1. f4 {[%emt 0:00:00]} d5 {[%emt 0:05:38]} 2. Nf3 {[%emt 0:01:27]} c5 {[%emt 0:00:14]} 3. e3 {[%emt 0:00:51]} Nf6 {[%emt 0:01:05]} 4. d3 {[%emt 0:01:37]} g6 {[%emt 0:01:12]} 5. Be2 {[%emt 0:00:10]} Bg7 {[%emt 0:00:05]} 6. O-O {[%emt 0:00:11]} O-O {[%emt 0:00:04]} 7. Nc3 {[%emt 0:00:16]} d4 {[%emt 0:07:40]} 8. Ne4 {[%emt 0:00:11]} Qb6 {[%emt 0:12:07]} 9. Nxf6+ {[%emt 0:03:35]} Bxf6 {[%emt 0:00:57]} 10. e4 {[%emt 0:00:19]} Nc6 {[%emt 0:00:45]} 11. Qe1 {[%emt 0:07:48]} c4 {[%emt 0:13:17]} 12. f5 {[%emt 0:07:49]} Nb4 {[%emt 0:09:41]} 13. Bh6 {[%emt 0:07:06]} Bg7 {[%emt 0:06:26]} 14. Qh4 {[%emt 0:06:20]} Bxh6 {[%emt 0:21:51]} 15. Qxh6 {[%emt 0:00:18]} Qf6 {[%emt 0:00:07]} 16. e5 {[%emt 0:05:13]} Qg7 {[%emt 0:00:52]} 17. Qxg7+ {[%emt 0:00:21]} Kxg7 {[%emt 0:00:03]} 18. Nxd4 {[%emt 0:00:24]} Rd8 {[%emt 0:01:38]} 19. f6+ {[%emt 0:07:32]} exf6 {[%emt 0:01:42]} 20. exf6+ {[%emt 0:00:10]} Kg8 {[%emt 0:00:25]} 21. c3 {[%emt 0:00:27]} cxd3 {[%emt 0:00:52]} 22. Bf3 {[%emt 0:00:26]} Nc2 {[%emt 0:03:34]} 23. Nxc2 {[%emt 0:01:40]} dxc2 {[%emt 0:00:04]} 24. Be4 {[%emt 0:00:23]} Bf5 {[%emt 0:00:39]} 25. Rxf5 {[%emt 0:03:57]} gxf5 {[%emt 0:00:21]} 26. Bxc2 {[%emt 0:00:08]} Rd2 {[%emt 0:03:23]} 27. Bxf5 {[%emt 0:01:34]} Re8 {[%emt 0:00:15]} 28. Bg4 {[%emt 0:01:29]} Rxb2 {[%emt 0:00:41]} 29. h3 {[%emt 0:02:24]} Rb6 {[%emt 0:00:55]} 30. Bf3 {[%emt 0:04:27]} Rc8 {[%emt 0:02:35]} 31. Rc1 {[%emt 0:01:01]} Rc7 {[%emt 0:00:24]} 32. c4 {[%emt 0:00:39]} Rxf6 {[%emt 0:00:12]} 33. a4 {[%emt 0:00:58]} Ra6 {[%emt 0:01:16]} 34. Bd1 {[%emt 0:00:17]} Rac6 {[%emt 0:00:23]} 35. Be2 {[%emt 0:00:24]} b6 {[%emt 0:01:04]} 36. Rc3 {[%emt 0:05:59]} Rd6 {[%emt 0:00:28]} 37. Rg3+ {[%emt 0:01:04]} Kf8 {[%emt 0:00:05]} 38. Rg4 {[%emt 0:00:56]} Rd2 {[%emt 0:00:21]} 39. Bf3 {[%emt 0:01:47]} Ra2 {[%emt 0:00:13]} 40. Bd5 {[%emt 0:00:12]} Rxa4 {[%emt 0:00:27]} 41. Rh4 {[%emt 0:00:21]} b5 {[%emt 0:00:43]} 0-1